000 00372ntaaa2200157 4500
003 01
005 20251027203058.0
008 0714s1973 ag 01
040 _aAR-BaBN
_bspa
_cAR-BaBN
_eaacr
_dRIC
082 _a980.0000 C169
100 _aCalvo, Carlos
_932164
245 _aColeccion completa de los tratados
250 _a1 ed.
650 _aAmerica Latina
942 _cBK
999 _c26210
_d26210